[Event "Irish Championship 2009"]
[Site "Dublin IRL"]
[Date "2009.07.04"]
[Round "1"]
[White "Atlas, Valeri"]
[Black "Fairbairn, Stephen"]
[Result "1-0"]
[WhiteTitle "IM"]
[WhiteElo "2428"]
[BlackElo "2073"]
[WhiteNationality "AUT"]
[BlackNationality "CAN"]
[WhiteFideId "12000035"]
[BlackFideId "2603985"]
[PlyCount "61"]
[EventDate "2009.07.04"]

{ Event information: <a
href="https://www.irlchess.com/irlch2009_allfiles/pairings_irlch2009.html">Tournament
report</a>. }

1. e4 d6 2. d4 g6 3. Nc3 Bg7 4. Be3 a6 5. a4 b6 6. g4 h6 7. Bg2 Bb7 8. Nge2
Nd7 9. O-O e6 10. f4 h5 11. g5 Ne7 12. h4 O-O 13. d5 exd5 14. f5 Bxc3 15.
Nxc3 dxe4 16. f6 Nf5 17. Rxf5 gxf5 18. Qxh5 Nxf6 19. gxf6 Qxf6 20. Rf1 Qg6
21. Qxf5 Qxf5 22. Rxf5 Rfe8 23. Bd4 c5 24. Bf6 Re6 25. Ne2 d5 26. Nf4 Rd6
27. Be5 Rd7 28. Bh3 f6 29. Bxf6 Rf7 30. Rg5+ Kf8 31. Ne6+ 1-0

[Event "Irish Championship 2009"]
[Site "Dublin IRL"]
[Date "2009.07.04"]
[Round "1"]
[White "Babei, Angelica"]
[Black "Short, Philip"]
[Result "0-1"]
[BlackTitle "FM"]
[WhiteElo "2015"]
[BlackElo "2309"]
[BlackICU "2265"]
[WhiteNationality "MDA"]
[BlackNationality "IRL"]
[WhiteFideId "13902598"]
[BlackFideId "2500086"]
[PlyCount "96"]
[EventDate "2009.07.04"]

{ Event information: <a
href="https://www.irlchess.com/irlch2009_allfiles/pairings_irlch2009.html">Tournament
report</a>. }

1. e4 e6 2. d4 d5 3. e5 c5 4. f4 cxd4 5. Qxd4 Nc6 6. Qf2 Nh6 7. Nf3 Be7 8.
h3 Nf5 9. Bd3 Nb4 10. O-O Nxd3 11. cxd3 h5 12. d4 Bd7 13. Nc3 h4 14. b3 a5
15. Bb2 a4 16. bxa4 Bxa4 17. Nxa4 Rxa4 18. Rfc1 O-O 19. Qc2 Qa5 20. Qc7 Qa6
21. Qc3 Rxa2 22. Rxa2 Qxa2 23. Ra1 Qc4 24. Rc1 Qa6 25. Ra1 Qc4 26. Rc1 Qxc3
27. Rxc3 b5 28. Rb3 b4 29. Kf2 Rc8 30. Nd2 Kf8 31. Ke2 Ke8 32. Kd3 Kd7 33.
Ke2 Kc6 34. Rd3 Kb5 35. Kd1 g5 36. fxg5 Bxg5 37. Nf1 Ka4 38. Ke2 Ra8 39.
Nd2 Bxd2 40. Rxd2 Rg8 41. Kf2 Kb3 42. Ba1 Rc8 43. Rb2+ Ka3 44. Rd2 b3 45.
Bb2+ Kb4 46. Ke2 Rc2 47. Kd3 Rxd2+ 48. Kxd2 Kc4 0-1

[Event "Irish Championship 2009"]
[Site "Dublin IRL"]
[Date "2009.07.04"]
[Round "1"]
[White "Boyle, Bernard"]
[Black "Fox, Anthony"]
[Result "0-1"]
[WhiteElo "1936"]
[BlackElo "2086"]
[WhiteICU "1774"]
[BlackICU "2096"]
[WhiteClub "Elm Mount"]
[BlackClub "Dun Laoghaire"]
[WhiteNationality "IRL"]
[BlackNationality "IRL"]
[WhiteFideId "2501830"]
[BlackFideId "2500736"]
[PlyCount "92"]
[EventDate "2009.07.04"]

{ Event information: <a
href="https://www.irlchess.com/irlch2009_allfiles/pairings_irlch2009.html">Tournament
report</a>. }

1. d4 d5 2. Bf4 Nf6 3. e3 c5 4. c3 Nc6 5. Nd2 Qb6 6. Qb3 e6 7. Ngf3 Be7 8.
Be2 O-O 9. O-O Qxb3 10. axb3 b6 11. Ne5 Nxe5 12. Bxe5 Nd7 13. Bc7 Bb7 14.
Ba6 Bc6 15. Nf3 f6 16. b4 Nb8 17. Bd3 cxb4 18. Bxb6 axb6 19. Rxa8 Bxa8 20.
Ra1 Nc6 21. c4 Bb7 22. cxd5 exd5 23. Bf5 Bc8 24. Bc2 Na5 25. Bd3 Be6 26. e4
Rc8 27. e5 Bg4 28. Ne1 fxe5 29. dxe5 Bc5 30. h3 Be6 31. Nf3 Rf8 32. Bxh7+
Kxh7 33. Ng5+ Kg8 34. Nxe6 Bxf2+ 35. Kf1 Rf5 36. Nc7 Bd4+ 37. Ke2 Rxe5+ 38.
Kd3 Bxb2 39. Rf1 Nb7 40. Rf4 Nc5+ 41. Kc2 Bc3 42. Rf2 d4 43. Rf1 Re2+ 44.
Kd1 Rd2+ 45. Kc1 Nb3+ 46. Kb1 Rb2# 0-1

[Event "Irish Championship 2009"]
[Site "Dublin IRL"]
[Date "2009.07.04"]
[Round "1"]
[White "Brady, Stephen"]
[Black "Cafolla, Peter"]
[Result "1-0"]
[WhiteTitle "FM"]
[WhiteElo "2384"]
[BlackElo "2046"]
[WhiteICU "2363"]
[BlackICU "2036"]
[WhiteClub "Phibsboro"]
[BlackClub "Rathmines"]
[WhiteNationality "IRL"]
[BlackNationality "IRL"]
[WhiteFideId "2500124"]
[BlackFideId "2500884"]
[PlyCount "71"]
[EventDate "2009.07.04"]

{ Event information: <a
href="https://www.irlchess.com/irlch2009_allfiles/pairings_irlch2009.html">Tournament
report</a>. }

1. e4 e5 2. Nf3 Nc6 3. Bc4 Be7 4. O-O Nf6 5. d4 d6 6. dxe5 dxe5 7. Qe2 Bg4
8. Bb5 O-O 9. Bxc6 bxc6 10. Rd1 Qc8 11. Bg5 Qe6 12. Nbd2 Rfd8 13. h3 Bh5
14. b3 h6 15. Bxf6 Qxf6 16. Nc4 Bb4 17. Qe3 Rxd1+ 18. Rxd1 Rd8 19. Rxd8+
Qxd8 20. g4 Bg6 21. Ncxe5 Qd1+ 22. Kg2 Qxc2 23. Nxg6 fxg6 24. Qd4 a5 25.
Qc4+ Qxc4 26. bxc4 Bc3 27. Kf1 Kf7 28. Ke2 Ke6 29. Kd3 Bb4 30. Nd4+ Kd7 31.
f4 g5 32. f5 Bd6 33. a4 Be5 34. Nb3 Kd6 35. c5+ Kd7 36. Nxa5 1-0

[Event "Irish Championship 2009"]
[Site "Dublin IRL"]
[Date "2009.07.04"]
[Round "1"]
[White "Daly, Colm"]
[Black "Healy, John"]
[Result "1-0"]
[WhiteTitle "FM"]
[WhiteElo "2308"]
[BlackElo "1859"]
[WhiteICU "2264"]
[BlackICU "1869"]
[WhiteClub "Bray/Greystones"]
[BlackClub "St. Benildus"]
[WhiteNationality "IRL"]
[BlackNationality "IRL"]
[WhiteFideId "2500434"]
[BlackFideId "2500965"]
[PlyCount "38"]
[EventDate "2009.07.04"]

{ Event information: <a
href="https://www.irlchess.com/irlch2009_allfiles/pairings_irlch2009.html">Tournament
report</a>. }

1. Nf3 c5 2. g3 g6 3. c4 Bg7 4. Bg2 Nc6 5. Nc3 e5 6. d3 Nge7 7. Rb1 a6 8.
a3 Rb8 9. Bg5 f6 10. Be3 Nd4 11. b4 d6 12. O-O Be6 13. Ne4 Qc7 14. bxc5
dxc5 15. Nxd4 cxd4 16. Bd2 Nc6 17. Bb4 Nxb4 18. axb4 O-O 19. Nc5 Qc8 1-0

[Event "Irish Championship 2009"]
[Site "Dublin IRL"]
[Date "2009.07.04"]
[Round "1"]
[White "Keogh, Eamon"]
[Black "Doyle, Hugh"]
[Result "1/2-1/2"]
[WhiteTitle "NM"]
[WhiteElo "2092"]
[BlackElo "1910"]
[WhiteICU "1907"]
[BlackICU "1931"]
[WhiteClub "Kilkenny"]
[BlackClub "Cork"]
[WhiteNationality "IRL"]
[BlackNationality "IRL"]
[WhiteFideId "2500264"]
[BlackFideId "2500876"]
[PlyCount "80"]
[EventDate "2009.07.04"]

{ Event information: <a
href="https://www.irlchess.com/irlch2009_allfiles/pairings_irlch2009.html">Tournament
report</a>. }

1. e4 c5 2. Nc3 e6 3. g3 Nc6 4. Bg2 Nf6 5. f4 d6 6. Nf3 Be7 7. d3 Rb8 8.
O-O b5 9. h3 O-O 10. Be3 b4 11. Ne2 Ba6 12. g4 c4 13. Ng3 d5 14. e5 Nd7 15.
Rf2 cxd3 16. cxd3 Nc5 17. Bxc5 Bxc5 18. d4 Be7 19. Rc1 Qb6 20. b3 Rbc8 21.
Kh1 Rc7 22. Rfc2 Rfc8 23. f5 g6 24. Qd2 Bb5 25. Rd1 a5 26. h4 Na7 27. Rxc7
Qxc7 28. h5 Qc2 29. hxg6 hxg6 30. fxg6 fxg6 31. g5 Be8 32. Bh3 Bf7 33. Ne2
Qe4 34. Qd3 Qxd3 35. Rxd3 Nb5 36. Rd2 Rc6 37. Nf4 Nc3 38. Rc2 Ra6 39. Bf1
Ra7 40. Bd3 Kh7 1/2-1/2

[Event "Irish Championship 2009"]
[Site "Dublin IRL"]
[Date "2009.07.04"]
[Round "1"]
[White "MacElligott, Gerard"]
[Black "Loughran, John"]
[Result "1-0"]
[WhiteElo "2115"]
[BlackElo "1939"]
[WhiteICU "1963"]
[BlackICU "1675"]
[WhiteClub "Elm Mount"]
[BlackClub "Elm Mount"]
[WhiteNationality "IRL"]
[BlackNationality "IRL"]
[WhiteFideId "2500647"]
[BlackFideId "2501562"]
[PlyCount "123"]
[EventDate "2009.07.04"]

{ Event information: <a
href="https://www.irlchess.com/irlch2009_allfiles/pairings_irlch2009.html">Tournament
report</a>. }

1. c4 Nf6 2. Nc3 g6 3. d4 Bg7 4. e4 d6 5. f4 O-O 6. Nf3 c5 7. d5 e6 8. dxe6
fxe6 9. Bd3 Nc6 10. O-O Nh5 11. Ng5 e5 12. fxe5 Bxe5 13. Nd5 Nf6 14. Nf3
Bg4 15. Bh6 Rf7 16. Qd2 Bxf3 17. Rxf3 Nd4 18. Rff1 Qd7 19. h3 Rc8 20. Rae1
Ne6 21. b3 Nd4 22. Qg5 Nxd5 23. exd5 Nf5 24. Bxf5 Rxf5 25. Rxf5 Qxf5 26.
Qxf5 gxf5 27. Rf1 Kf7 28. Bf4 Kg6 29. g3 Re8 30. Kf2 h5 31. Re1 Kf7 32.
Bxe5 dxe5 33. Kf3 Kf6 34. Rd1 Rd8 35. g4 hxg4+ 36. hxg4 Rd6 37. Rh1 fxg4+
38. Kxg4 Kg6 39. Rf1 Rf6 40. Rxf6+ Kxf6 41. Kf3 Kf5 42. Kg3 Kg5 43. Kh3 Kf5
44. Kh4 Kg6 45. Kg4 Kf6 46. Kf3 Kf5 47. Ke3 Kg6 48. Ke4 Kf6 49. Kd3 Kf5 50.
Kc3 Kf6 51. b4 b6 52. b5 Kf5 53. Kd2 Kg6 54. Ke3 Kf5 55. Kf3 e4+ 56. Kg3
Kg5 57. d6 Kf6 58. Kf4 Ke6 59. Kxe4 Kxd6 60. Kf5 Kc7 61. Ke6 a6 62. a4 1-0

[Event "Irish Championship 2009"]
[Site "Dublin IRL"]
[Date "2009.07.04"]
[Round "1"]
[White "Moran, Stephen"]
[Black "Delaney, John"]
[Result "1/2-1/2"]
[BlackTitle "FM"]
[WhiteElo "1989"]
[BlackElo "2227"]
[WhiteICU "2004"]
[BlackICU "2236"]
[WhiteClub "T.C.D."]
[BlackClub "Rathmines"]
[WhiteNationality "IRL"]
[BlackNationality "IRL"]
[WhiteFideId "2501872"]
[BlackFideId "2500060"]
[PlyCount "85"]
[EventDate "2009.07.04"]

{ Event information: <a
href="https://www.irlchess.com/irlch2009_allfiles/pairings_irlch2009.html">Tournament
report</a>. }

1. d4 Nf6 2. c4 d6 3. Nc3 g6 4. e4 Bg7 5. Nf3 O-O 6. Be2 e5 7. O-O Nc6 8.
d5 Ne7 9. b4 Nh5 10. Re1 f5 11. Ng5 Nf4 12. Bf1 h6 13. Nf3 g5 14. Nd2 g4
15. exf5 Nxf5 16. Nde4 Nd4 17. Be3 h5 18. Rc1 h4 19. Ne2 Ndxe2+ 20. Bxe2
Nxe2+ 21. Qxe2 Qe8 22. c5 Qg6 23. Bd2 Bf5 24. Rc3 Qf7 25. f3 Qxd5 26. Rd3
Qxa2 27. cxd6 cxd6 28. fxg4 Bxe4 29. Qxe4 Qf7 30. Rf3 Qe6 31. Qxb7 d5 32.
Rf5 Rac8 33. Ref1 e4 34. Qxd5 Rfe8 35. Re1 Rc2 36. Qxe6+ Rxe6 37. Be3 Bc3
38. Rd1 Re2 39. Rd8+ Kg7 40. Rd7+ Kg6 41. Rg5+ Kf6 42. Rf5+ Kg6 43. Rg5+
1/2-1/2

[Event "Irish Championship 2009"]
[Site "Dublin IRL"]
[Date "2009.07.04"]
[Round "1"]
[White "Murray, David"]
[Black "Redmond, John P."]
[Result "0-1"]
[WhiteElo "1981"]
[BlackElo "2193"]
[WhiteICU "2032"]
[WhiteClub "Gonzaga"]
[BlackClub "Atticus ENG"]
[WhiteNationality "IRL"]
[BlackNationality "IRL"]
[WhiteFideId "2501511"]
[BlackFideId "2500051"]
[PlyCount "76"]
[EventDate "2009.07.04"]

{ Annotator: David Murray (see source). } { Source: <a
href="https://forumserver.twoplustwo.com/showpost.php?p=11656654&postcount=1">Post
by David Murray</a>, Two Plus Two Poker Forums web site, July 4, 2009. } {
Event information: <a
href="https://www.irlchess.com/irlch2009_allfiles/pairings_irlch2009.html">Tournament
report</a>. }

1. e4 e6 2. d4 d5 3. Nc3 Bb4 4. a3 Bxc3+ 5. bxc3 dxe4 6. Qg4 Nf6 7. Qxg7
Rg8 8. Qh6 c5 9. Ne2 Nbd7 10. Ng3 Qa5 11. Bd2 b6 12. c4 Qa4 13. d5 Bb7 14.
dxe6 fxe6 15. Be2 O-O-O 16. O-O Rg6 17. Qe3 Rdg8 18. Kh1 Ne5 19. Qc3 Nc6
20. Qb3 Qxb3 21. cxb3 Nd4 22. Bd1 h5 23. h4 e3 24. Bxe3 Nf5 25. Bg5 Nxg3+
26. fxg3 Ne4 27. Kh2 Nxg5 28. hxg5 Rxg5 29. g4 hxg4 30. Kg3 Re5 31. Bxg4
Reg5 32. Rf4 Kb8 33. Kh4 e5 34. Rf8+ Rxf8 35. Kxg5 Rg8+ 36. Kh4 Bxg2 37.
Re1 e4 38. Re2 Rxg4+ 0-1

[Event "Irish Championship 2009"]
[Site "Dublin IRL"]
[Date "2009.07.04"]
[Round "1"]
[White "O'Leary, Matt"]
[Black "Quinn, Mark"]
[Result "0-1"]
[BlackTitle "IM"]
[WhiteElo "2053"]
[BlackElo "2404"]
[BlackICU "2340"]
[BlackClub "Kilkenny"]
[WhiteNationality "IRL"]
[BlackNationality "IRL"]
[WhiteFideId "2501970"]
[BlackFideId "2500450"]
[PlyCount "66"]
[EventDate "2009.07.04"]

{ Event information: <a
href="https://www.irlchess.com/irlch2009_allfiles/pairings_irlch2009.html">Tournament
report</a>. }

1. d4 Nf6 2. Nf3 e6 3. Bg5 c5 4. e4 h6 5. Bxf6 Qxf6 6. e5 Qd8 7. d5 Qa5+ 8.
Nc3 c4 9. Bxc4 Bb4 10. Qd3 Na6 11. dxe6 Bxc3+ 12. bxc3 dxe6 13. Bb5+ Kf8
14. Rd1 g6 15. O-O Kg7 16. Bxa6 bxa6 17. Qe4 Rb8 18. Qf4 Rf8 19. Qd4 Bb7
20. Nd2 Rfd8 21. Qf4 Qd5 22. f3 Qc5+ 23. Kh1 Qxc3 24. Qf6+ Kg8 25. Qf4 Qxc2
26. Qxh6 Rd3 27. h4 Rbd8 28. Rb1 Qxd2 29. Qxd2 Rxd2 30. Rxb7 R8d4 31. g3
Rxa2 32. Rxa7 Rdd2 33. Kg1 Rg2+ 0-1

[Event "Irish Championship 2009"]
[Site "Dublin IRL"]
[Date "2009.07.05"]
[Round "2"]
[White "Benson, Oisin P."]
[Black "Boyle, Bernard"]
[Result "1-0"]
[WhiteElo "1967"]
[BlackElo "1936"]
[WhiteICU "1999"]
[BlackICU "1774"]
[WhiteClub "St. Benildus"]
[BlackClub "Elm Mount"]
[WhiteNationality "IRL"]
[BlackNationality "IRL"]
[WhiteFideId "2501821"]
[BlackFideId "2501830"]
[PlyCount "133"]
[EventDate "2009.07.04"]
[WhiteFullName "Benson, Ois&iacute;n P."]

{ Event information: <a
href="https://www.irlchess.com/irlch2009_allfiles/pairings_irlch2009.html">Tournament
report</a>. }

1. d4 e6 2. c4 b6 3. Nf3 Bb7 4. g3 Bb4+ 5. Bd2 Bxf3 6. exf3 Bxd2+ 7. Qxd2
d5 8. Nc3 c6 9. cxd5 cxd5 10. Bg2 Ne7 11. O-O O-O 12. f4 Nbc6 13. Rac1 Rc8
14. g4 Ng6 15. Rfe1 Nh4 16. Re3 Nxg2 17. Kxg2 Qf6 18. Ne2 Na5 19. Rec3 Rxc3
20. Qxc3 Qg6 21. f3 f5 22. g5 h6 23. h4 hxg5 24. fxg5 f4 25. b3 Qh5 26. Kh3
Nc6 27. Rg1 Ne7 28. Rg4 Ng6 29. Ng1 Rf5 30. Qe1 e5 31. dxe5 Nxe5 32. Qd2
Ng6 33. Qf2 Kh8 34. Ne2 Qh7 35. Nd4 Rf8 36. Ne6 Rf5 37. Qd4 Ne5 38. Rxf4
Nxf3 39. Qe3 Rxf4 40. Qxf4 Ng1+ 41. Kg4 Qe4 42. Qxe4 dxe4 43. Nd4 e3 44.
Kg3 g6 45. Kg2 e2 46. Nc2 e1=Q 47. Nxe1 Ne2 48. Nd3 Nc3 49. a4 a5 50. Ne5
Kg7 51. Nc4 Nd5 52. Kf3 Kf7 53. Ke4 Ke6 54. Ne5 Ne7 55. Nf3 Nd5 56. Nd4+
Kd6 57. Ne2 Ne7 58. Nf4 Kc5 59. Nxg6 Nxg6 60. h5 Nh4 61. g6 Nxg6 62. hxg6
Kb4 63. g7 Kxb3 64. g8=Q+ Kxa4 65. Qc4+ Ka3 66. Kd3 a4 67. Kc3 1-0

[Event "Irish Championship 2009"]
[Site "Dublin IRL"]
[Date "2009.07.05"]
[Round "2"]
[White "Cafolla, Peter"]
[Black "Murray, David"]
[Result "1-0"]
[WhiteElo "2046"]
[BlackElo "1981"]
[WhiteICU "2036"]
[BlackICU "2032"]
[WhiteClub "Rathmines"]
[BlackClub "Gonzaga"]
[WhiteNationality "IRL"]
[BlackNationality "IRL"]
[WhiteFideId "2500884"]
[BlackFideId "2501511"]
[PlyCount "99"]
[EventDate "2009.07.04"]

{ Annotator: David Murray (see source). } { Source: <a
href="https://forumserver.twoplustwo.com/showpost.php?p=11669986&postcount=5">Post
by David Murray</a>, Two Plus Two Poker Forums web site, July 5, 2009. } {
Event information: <a
href="https://www.irlchess.com/irlch2009_allfiles/pairings_irlch2009.html">Tournament
report</a>. }

1. d4 Nf6 2. c4 g6 3. Nc3 d5 4. Bg5 Ne4 5. Bh4 Nxc3 6. bxc3 dxc4 7. e3 Be6
8. Rb1 Nd7 9. Nf3 Nb6 10. Be2 Bg7 11. O-O Bf5 12. Rb2 c5 13. Bxc4 Nxc4 14.
Qa4+ Qd7 15. Qxc4 cxd4 16. cxd4 Rc8 17. Qb4 b6 18. Rd2 Qd6 19. Qa4+ Qd7 20.
Qb4 Qd6 21. Qa4+ Qd7 22. Qa3 Rc7 23. Bg3 Rc4 24. Be5 f6 25. Bg3 O-O 26. Re1
Be4 27. Rdd1 Bxf3 28. gxf3 Rfc8 29. Rc1 Bf8 30. Qb3 Qc6 31. Rxc4 Qxc4 32.
Qxc4+ Rxc4 33. Re2 e6 34. Bb8 a6 35. Ba7 b5 36. Rd2 Bb4 37. Rb2 Kf7 38. Bb8
Ke7 39. Kf1 Kd7 40. Bg3 Kc6 41. Ke2 Kd5 42. Bh4 g5 43. Bg3 Ba3 44. Rd2 Rc3
45. e4+ Kc4 46. d5 exd5 47. exd5 Be7 48. Bc7 Kb4 49. d6 Bxd6 50. Bxd6+ 1-0

[Event "Irish Championship 2009"]
[Site "Dublin IRL"]
[Date "2009.07.05"]
[Round "2"]
[White "Doyle, Hugh"]
[Black "Quinn, Ciaran"]
[Result "0-1"]
[WhiteElo "1910"]
[BlackElo "2133"]
[WhiteICU "1931"]
[BlackICU "1865"]
[WhiteClub "Cork"]
[BlackClub "Elm Mount"]
[WhiteNationality "IRL"]
[BlackNationality "IRL"]
[WhiteFideId "2500876"]
[BlackFideId "2500817"]
[PlyCount "42"]
[EventDate "2009.07.04"]
[BlackFullName "Quinn, Ciar&aacute;n"]

{ Event information: <a
href="https://www.irlchess.com/irlch2009_allfiles/pairings_irlch2009.html">Tournament
report</a>. }

1. e4 e5 2. Nf3 Nc6 3. d4 exd4 4. Nxd4 Bc5 5. Nxc6 Qf6 6. Qd2 dxc6 7. Nc3
Ne7 8. Bd3 O-O 9. Na4 Bd6 10. f4 Ng6 11. Rf1 Re8 12. Qf2 Bf5 13. Nc3 Bb4
14. Bd2 Bxe4 15. O-O-O Bxd3 16. cxd3 Qf5 17. Ne4 a5 18. a3 Qd5 19. Qg3 Rxe4
20. dxe4 Bxd2+ 21. Rxd2 Qc4+ 0-1

[Event "Irish Championship 2009"]
[Site "Dublin IRL"]
[Date "2009.07.05"]
[Round "2"]
[White "Fox, Anthony"]
[Black "Brady, Stephen"]
[Result "0-1"]
[BlackTitle "FM"]
[WhiteElo "2086"]
[BlackElo "2384"]
[WhiteICU "2096"]
[BlackICU "2363"]
[WhiteClub "Dun Laoghaire"]
[BlackClub "Phibsboro"]
[WhiteNationality "IRL"]
[BlackNationality "IRL"]
[WhiteFideId "2500736"]
[BlackFideId "2500124"]
[PlyCount "122"]
[EventDate "2009.07.04"]

{ Event information: <a
href="https://www.irlchess.com/irlch2009_allfiles/pairings_irlch2009.html">Tournament
report</a>. }

1. e4 g6 2. d4 Bg7 3. Nf3 d6 4. Bc4 c6 5. Bb3 a5 6. a4 d5 7. e5 Bg4 8. h3
Bxf3 9. Qxf3 Qb6 10. Be3 e6 11. Nd2 Nd7 12. O-O Ne7 13. c3 c5 14. Rab1 Nf5
15. dxc5 Qc7 16. Bd4 Nxe5 17. Bxe5 Bxe5 18. Qe2 O-O 19. Nf3 Bf6 20. Rfe1
Qxc5 21. Bc2 Nd6 22. Ne5 Bxe5 23. Qxe5 Nc4 24. Qg3 Qd6 25. Qh4 Rfc8 26. Re2
Qd8 27. Qh6 Qf6 28. Bd3 Rc7 29. Rbe1 Rac8 30. Bb1 Nb6 31. Bc2 Nd7 32. Bb3
Qg7 33. Qe3 Rc5 34. f4 Qf6 35. Qf2 Qd8 36. Bc2 Rc4 37. Bb3 R4c6 38. g3 Qb6
39. Qxb6 Rxb6 40. Bd1 Nc5 41. Rg2 h5 42. Ree2 Kg7 43. Rd2 Nb3 44. Bxb3 Rxb3
45. Rd4 Rc6 46. Re2 Rcb6 47. Rdd2 d4 48. Rxd4 Rxb2 49. Kf2 R2b3 50. Rc4 Ra3
51. Re5 Rb2+ 52. Kf3 b6 53. h4 Kf6 54. Re3 Ra1 55. Re2 Rf1+ 56. Ke3 Rbb1
57. Ke4 Rg1 58. Kf3 Rbf1+ 59. Rf2 Rd1 60. Rb2 Rd3+ 61. Ke4 Rgxg3 0-1

[Event "Irish Championship 2009"]
[Site "Dublin IRL"]
[Date "2009.07.05"]
[Round "2"]
[White "Hegarty, Sarah N."]
[Black "Moran, Stephen"]
[Result "1-0"]
[WhiteElo "2098"]
[BlackElo "1989"]
[BlackICU "2004"]
[BlackClub "T.C.D."]
[WhiteNationality "ENG"]
[BlackNationality "IRL"]
[WhiteFideId "2501465"]
[BlackFideId "2501872"]
[PlyCount "93"]
[EventDate "2009.07.04"]

{ Event information: <a
href="https://www.irlchess.com/irlch2009_allfiles/pairings_irlch2009.html">Tournament
report</a>. }

1. e4 e6 2. d3 d5 3. Nd2 c5 4. Ngf3 Nc6 5. g3 Bd6 6. Bg2 Nge7 7. O-O O-O 8.
Re1 f6 9. h4 d4 10. Nc4 e5 11. a4 Bc7 12. Nh2 Rb8 13. g4 Ng6 14. h5 Nf4 15.
Nf1 Be6 16. Ng3 Qd7 17. Bf3 a6 18. Nf5 g6 19. Nh4 Kf7 20. Kh1 b5 21. Nd2 c4
22. Nf1 Bd6 23. axb5 axb5 24. dxc4 bxc4 25. Nh2 Rb6 26. Ng2 g5 27. Nxf4
gxf4 28. Rg1 h6 29. Be2 Rfb8 30. Nf3 Be7 31. Ra4 Nd8 32. Ra5 Nc6 33. Ra4
Nd8 34. Ra2 Nb7 35. g5 hxg5 36. Rxg5 Rg8 37. Rxe5 Bg4 38. Bxc4+ Be6 39.
Rxe6 Rxe6 40. Nxd4 Nc5 41. Bxf4 Nxe4 42. Be3 Nc5 43. Qf3 Qc7 44. b4 Qb8 45.
Nxe6 Nxe6 46. Ra6 Bd6 47. Qd5 1-0

[Event "Irish Championship 2009"]
[Site "Dublin IRL"]
[Date "2009.07.05"]
[Round "2"]
[White "Short, Philip"]
[Black "MacElligott, Gerard"]
[Result "1-0"]
[WhiteTitle "FM"]
[WhiteElo "2309"]
[BlackElo "2115"]
[WhiteICU "2265"]
[BlackICU "1963"]
[BlackClub "Elm Mount"]
[WhiteNationality "IRL"]
[BlackNationality "IRL"]
[WhiteFideId "2500086"]
[BlackFideId "2500647"]
[PlyCount "61"]
[EventDate "2009.07.04"]

{ Event information: <a
href="https://www.irlchess.com/irlch2009_allfiles/pairings_irlch2009.html">Tournament
report</a>. }

1. d4 Nf6 2. Nf3 g6 3. g3 Bg7 4. Bg2 d5 5. O-O O-O 6. Ne5 Na6 7. c4 dxc4 8.
Nxc4 c5 9. dxc5 Nxc5 10. Be3 Qxd1 11. Rxd1 Be6 12. Bxc5 Bxc4 13. Nc3 Rfe8
14. Rab1 Rac8 15. Bxa7 Bxa2 16. Nxa2 Ra8 17. Bd4 Rxa2 18. Bxb7 e5 19. Bc3
Rb8 20. Bxe5 Rxb7 21. Rd8+ Bf8 22. Bxf6 Ra6 23. Bc3 f5 24. Rbd1 Re6 25. e3
h5 26. R1d7 Rxd7 27. Rxd7 Be7 28. Kg2 Kf8 29. Rb7 Rc6 30. h4 Bc5 31. Kf3
1-0

[Event "Irish Championship 2009"]
[Site "Dublin IRL"]
[Date "2009.07.05"]
[Round "2"]
[White "Loughran, John"]
[Black "O'Leary, Matt"]
[Result "1-0"]
[WhiteElo "1939"]
[BlackElo "2053"]
[WhiteICU "1675"]
[WhiteClub "Elm Mount"]
[WhiteNationality "IRL"]
[BlackNationality "IRL"]
[WhiteFideId "2501562"]
[BlackFideId "2501970"]
[PlyCount "57"]
[EventDate "2009.07.04"]

{ Annotator: Se&aacute;n Coffey, <a
href="https://www.irlchess.com/2011/06/28/to-take-or-not-to-take/">IRLchess.com</a>,
June 28, 2011. } { Event information: <a
href="https://www.irlchess.com/irlch2009_allfiles/pairings_irlch2009.html">Tournament
report</a>. }

1. d4 Nf6 2. c4 c5 3. d5 d6 4. Nc3 g6 5. e4 Bg7 6. f4 Nbd7 7. Nf3 O-O 8.
Bd3 a6 9. a4 b6 10. O-O e6 11. dxe6 fxe6 12. f5 Ne5 13. Nxe5 dxe5 14. fxg6
hxg6 15. Bg5 Ra7 16. Qf3 Rd7 17. Bc2 Bb7 18. Rad1 Rd4 19. Qg3 Qe8 20. Qxe5
Rxd1 (20... Nxe4 $1 21. Rxf8+ Kxf8 22. Qf4+ Kg8 $1) 21. Nxd1 Nxe4 $2 22.
Rxf8+ Kxf8 $2 (22... Qxf8 23. Qxe6+ Qf7 24. Qxf7+ Kxf7 25. Bd8 $16) 23.
Qf4+ Qf7 24. Qb8+ Qe8 25. Be7+ $1 Kf7 26. Qxb7 Bd4+ 27. Kh1 Ng3+ 28. hxg3
Qh8+ 29. Bh4+ 1-0